Admini Rzeźników Kartomanii - Statystyki

Ogólne statystyki
  • Ten quiz został rozwiązany 788 razy
  • Średni wynik to 6 z 12
Statystyki odpowiedzi
Imię, nazwisko bądź ksywka % Poprawnych
2 Dominik "DoMManU" Don
92%
1 Maciej "MKKD" Don
90%
4 Sywester "Komoda" Komuda
75%
5 Dariusz "Unbandrzejuk" Andrzejuk
62%
7 Dawid "PowiedzKaczka" Seydak
47%
3 Wiktor "Alvin" Graczyk
46%
11 Rafał "Lis Pola Karnego" Lis
38%
12 Krzysztof "Mr Cogito" Lenarczyk
35%
9 Łukasz "SwędziKukiel" Kukla
33%
8 Krzysztof "RainbowWarrior" Fabiszak
26%
6 Kamil "Zielu" Zieliński
23%
10 Natan Drabik
19%
Nie znaleziono quizów pasujących do podanych kryteriów
Rozkład punktacji
Procent ludzi z każdym wynikiem
Percentyl według liczby udzielonych odpowiedzi
Twoja historia wyników
Nie rozwiązałeś tego quizu